[Event "CZE-ch Juniors FIDE op"]
[Site "Kouty nad Desnou"]
[Date "2020.03.10"]
[Round "5"]
[White "Nguyen, Thai Dai Vinh"]
[Black "Husa, Daniel"]
[Result "1-0"]
[WhiteElo "2018"]
[BlackElo "1814"]
[PlyCount "59"]
[EventDate "2020.03.07"]
[EventType "swiss"]
[EventRounds "7"]
[EventCountry "CZE"]
[SourceTitle "CBM 195 Extra"]
[Source "ChessBase"]
[SourceDate "2020.05.31"]
[SourceVersion "1"]
[SourceVersionDate "2020.05.31"]
[SourceQuality "1"]

1. e4 c5 2. Nf3 e6 3. d4 cxd4 4. Nxd4 Nf6 5. Nc3 Nc6 6. Nxc6 bxc6 7. e5 Nd5 8. Ne4 Qc7 9. f4 Qb6 10. c4 Bb4+ 11. Ke2 f5 12. exf6 Nxf6 13. Be3 Qd8 14. Nd6+ Bxd6 15. Qxd6 Bb7 16. Rd1 Rc8 17. g4 c5 18. Rg1 Rc6 19. Qe5 0-0 20. g5 Nh5 21. Bh3 d6 22. Bxe6+ Kh8 23. Qc3 Nxf4+ 24. Bxf4 Rxf4 25. Rdf1 Rxf1 26. Rxf1 Qe8 27. Kd2 Rc7 28. Qg3 Qe7 29. g6 Bc8 30. Qh4 1-0

[Event "Prague op-A 19th"]
[Site "Prague"]
[Date "2020.01.16"]
[Round "8"]
[White "Pniaczek, Marek"]
[Black "Nguyen, Thai Dai Vinh"]
[Result "1/2-1/2"]
[WhiteElo "2145"]
[BlackElo "1953"]
[PlyCount "39"]
[EventDate "2020.01.10"]
[EventType "swiss"]
[EventRounds "9"]
[EventCountry "CZE"]
[SourceTitle "CBM 195 Extra"]
[Source "ChessBase"]
[SourceDate "2020.05.31"]
[SourceVersion "1"]
[SourceVersionDate "2020.05.31"]
[SourceQuality "1"]

1. e4 c5 2. Nf3 e6 3. d4 cxd4 4. Nxd4 Nf6 5. Nc3 Nc6 6. Nxc6 bxc6 7. e5 Nd5 8. Ne4 Qc7 9. f4 Qb6 10. c4 Bb4+ 11. Ke2 Ba6 12. Kf3 f5 13. exf6 Nxf6 14. c5 Qa5 15. Nd6+ Ke7 16. Bxa6 Qxa6 17. Qd4 Bxc5 18. Nc8+ Raxc8 19. Qxc5+ d6 20. Qc3 1/2-1/2

[Event "CZE-chT U18 Extraliga final-B 1819"]
[Site "Czech Republic"]
[Date "2019.04.14"]
[Round "11.3"]
[White "Nguyen, Thai Dai Vinh"]
[Black "Zizka, Petr"]
[Result "0-1"]
[WhiteElo "1970"]
[BlackElo "1916"]
[PlyCount "102"]
[EventDate "2018.10.05"]
[EventType "team-tourn"]
[EventRounds "11"]
[EventCountry "CZE"]
[SourceTitle "EXT 2023"]
[Source "ChessBase"]
[SourceDate "2022.10.05"]
[SourceVersion "1"]
[SourceVersionDate "2022.10.05"]
[SourceQuality "1"]
[WhiteTeam "Frydek Mistek Interchess (U18)"]
[BlackTeam "Praha Bohemians (U18)"]
[WhiteTeamCountry "CZE"]
[BlackTeamCountry "CZE"]

1. e4 c5 2. Nf3 Nc6 3. d4 cxd4 4. Nxd4 Nf6 5. Nc3 e5 6. Ndb5 d6 7. Bg5 a6 8. Na3 b5 9. Nd5 Be7 10. Bxf6 Bxf6 11. c4 b4 12. Nc2 0-0 13. g3 Bg5 14. Bg2 Rb8 15. b3 Be6 16. 0-0 Bxd5 17. Qxd5 Qb6 18. Kh1 Ne7 19. Qd3 Ng6 20. Rad1 Qa5 21. h4 Bh6 22. h5 Ne7 23. Qxd6 Bg5 24. c5 Rfd8 25. Qxe5 Bf6 26. Qf4 Qxc5 27. Ne3 Qxh5+ 28. Kg1 Ng6 29. Qc7 Rdc8 30. Qd6 Qa5 31. Qd2 Bc3 32. Qe2 Qb5 33. Nc4 Ne7 34. Qf3 Be5 35. Qh5 f6 36. Qg4 Rd8 37. Qe6+ Kf8 38. Qh3 h6 39. Qe6 Qc6 40. Qg4 Qc5 41. Ne3 Bd4 42. Nc4 Nc6 43. Rc1 Bc3 44. Ne3 Ne5 45. Qf5 Rd2 46. Nd5 Nd3 47. Qf4 Nxf4 48. Nxf4 Kf7 49. Bh3 Re8 50. Bf5 Re5 51. Bg6+ Kf8 0-1

[Event "Pardubice Czech op-B 29th"]
[Site "Pardubice"]
[Date "2018.07.20"]
[Round "1"]
[White "Nguyen, Thai Dai Vinh"]
[Black "Balenovic, Zvonimir"]
[Result "0-1"]
[WhiteElo "1884"]
[BlackElo "2114"]
[PlyCount "94"]
[EventDate "2018.07.20"]
[EventType "swiss"]
[EventRounds "9"]
[EventCountry "CZE"]
[SourceTitle "CBM 186 Extra"]
[Source "ChessBase"]
[SourceDate "2018.08.24"]
[SourceVersion "1"]
[SourceVersionDate "2018.08.24"]
[SourceQuality "1"]

1. e4 d6 2. d4 Nf6 3. Nc3 g6 4. f3 Bg7 5. Be3 c6 6. Qd2 Qa5 7. 0-0-0 Nbd7 8. Kb1 b5 9. g4 Nb6 10. e5 dxe5 11. dxe5 Nfd5 12. Nxd5 Qxd2 13. Rxd2 Nxd5 14. Bxb5 Bd7 15. Bd4 cxb5 16. e6 Bxd4 17. exd7+ Kxd7 18. Rxd4 e6 19. Ne2 Ke7 20. Rhd1 Rhd8 21. Nc3 Nxc3+ 22. bxc3 Rxd4 23. Rxd4 Rc8 24. Kb2 Rc5 25. Kb3 a5 26. c4 e5 27. Re4 f5 28. gxf5 gxf5 29. Rh4 Rxc4 30. Rxc4 bxc4+ 31. Kxc4 Kd6 32. a4 Kc6 33. c3 h6 34. h3 h5 35. h4 Kd6 36. Kb5 e4 37. fxe4 fxe4 38. Kc4 Ke5 39. Kb3 e3 40. Kc2 Ke4 41. Kd1 Kd3 42. Ke1 Kxc3 43. Ke2 Kd4 44. Ke1 Ke4 45. Ke2 Kf4 46. Ke1 Kg3 47. Ke2 Kxh4 0-1

[Event "CZE-chT U18 Extraliga Ost 1718"]
[Site "Czech Republic"]
[Date "2017.10.07"]
[Round "2.4"]
[White "Vlkova, Anezka"]
[Black "Nguyen, Thai Dai Vinh"]
[Result "0-1"]
[WhiteElo "1934"]
[BlackElo "1921"]
[PlyCount "108"]
[EventDate "2017.10.07"]
[EventType "team-tourn"]
[EventRounds "11"]
[EventCountry "CZE"]
[SourceTitle "EXT 2023"]
[Source "ChessBase"]
[SourceDate "2022.10.05"]
[SourceVersion "1"]
[SourceVersionDate "2022.10.05"]
[SourceQuality "1"]
[WhiteTeam "Vlasim (U18)"]
[BlackTeam "Frydek Mistek Interchess (U18)"]
[WhiteTeamCountry "CZE"]
[BlackTeamCountry "CZE"]

1. e4 c5 2. Nc3 Nc6 3. g3 Nf6 4. Bg2 e6 5. d3 Be7 6. f4 d5 7. e5 Nd7 8. Nf3 a6 9. 0-0 b5 10. a4 b4 11. Ne2 Bb7 12. g4 Qc7 13. Be3 Rd8 14. d4 cxd4 15. Nexd4 Bc5 16. Kh1 Rc8 17. c3 bxc3 18. bxc3 Na5 19. Bf2 Nc4 20. f5 0-0 21. fxe6 Ndxe5 22. exf7+ Qxf7 23. Ng5 Qe7 24. Nge6 Bxd4 25. Nxd4 Qd7 26. h3 Nb2 27. Qb3 Nbd3 28. Bg3 Nc4 29. Qc2 Nc5 30. Rfe1 Ne4 31. Nf5 g6 32. Bxe4 dxe4 33. Rad1 e3+ 34. Kh2 Qe6 35. Nd6 Rcd8 36. Nxb7 Rd2+ 37. Rxd2 Nxd2 38. Rd1 Qc6 39. Qa2+ Kg7 40. Be5+ Kh6 41. g5+ Kh5 42. Rxd2 exd2 43. Qxd2 Qxb7 44. Qe2+ Qf3 45. Qxf3+ Rxf3 46. Bf6 h6 47. Be7 hxg5 48. Bb4 g4 49. hxg4+ Kxg4 50. Kg2 Rf4 51. a5 Rc4 52. Kh2 Kf3 53. Kg1 g5 54. Kf1 g4 0-1

[Event "CZE-ch U12"]
[Site "Kouty nad Desnou"]
[Date "2017.03.17"]
[Round "8"]
[White "Nguyen, Thai Dai Vinh"]
[Black "Babula, Vlastimil1111"]
[Result "1/2-1/2"]
[WhiteElo "1859"]
[BlackElo "1504"]
[PlyCount "59"]
[EventDate "2017.03.11"]
[EventType "swiss"]
[EventRounds "9"]
[EventCountry "CZE"]
[SourceTitle "CBM 177 Extra"]
[Source "ChessBase"]
[SourceDate "2017.04.27"]
[SourceVersion "1"]
[SourceVersionDate "2017.04.27"]
[SourceQuality "1"]

1. e4 c5 2. Nf3 d6 3. d4 cxd4 4. Nxd4 Nf6 5. Nc3 a6 6. Be2 e6 7. 0-0 Be7 8. f4 0-0 9. Be3 Bd7 10. Qe1 Nc6 11. Rd1 Qc7 12. Qg3 b5 13. a3 b4 14. axb4 Nxb4 15. f5 Kh8 16. Rd2 e5 17. Nb3 Bc6 18. Bf3 a5 19. Qf2 Qb7 20. Bb6 Bd8 21. Bxd8 Rfxd8 22. Rfd1 Nxc2 23. Rxd6 Rxd6 24. Rxd6 Qxb3 25. Rxc6 Nb4 26. Bd1 Nxe4 27. Qe3 Qxb2 28. Qxe4 Nxc6 29. Qxc6 Rb8 30. Qc4 1/2-1/2

[Event "CZE-ch U12"]
[Site "Kouty nad Desnou"]
[Date "2017.03.15"]
[Round "6"]
[White "Nguyen, Thai Dai Vinh"]
[Black "Stalmach, Richard"]
[Result "1/2-1/2"]
[WhiteElo "1859"]
[BlackElo "1896"]
[PlyCount "112"]
[EventDate "2017.03.11"]
[EventType "swiss"]
[EventRounds "9"]
[EventCountry "CZE"]
[SourceTitle "CBM 177 Extra"]
[Source "ChessBase"]
[SourceDate "2017.04.27"]
[SourceVersion "1"]
[SourceVersionDate "2017.04.27"]
[SourceQuality "1"]

1. e4 c5 2. Nf3 d6 3. d4 cxd4 4. Nxd4 Nf6 5. Nc3 e6 6. Be3 Be7 7. Be2 0-0 8. 0-0 Nc6 9. f4 e5 10. fxe5 dxe5 11. Nf5 Bxf5 12. exf5 Nd4 13. Bd3 Rc8 14. Ne4 Nd5 15. Bd2 Qb6 16. Kh1 Rfd8 17. c3 Nc6 18. f6 Nxf6 19. Nxf6+ Bxf6 20. Qg4 Ne7 21. Qe4 Ng6 22. b3 Qc6 23. Qe3 Nf4 24. Be4 Qc5 25. Qxc5 Rxc5 26. Bxf4 exf4 27. Rxf4 Rxc3 28. Bxb7 Rc7 29. Rxf6 gxf6 30. Ba6 Rcd7 31. h3 Rd1+ 32. Rxd1 Rxd1+ 33. Kh2 Rd2 34. a4 Rb2 35. Bc4 a5 36. Kg3 f5 37. Kf3 Kg7 38. Bd5 Rd2 39. Bc4 f4 40. Bb5 h6 41. Bc4 Kf6 42. Bb5 Ke5 43. Bc4 f5 44. Bb5 Rc2 45. Bc4 Rc3+ 46. Kf2 Rxc4 47. bxc4 Kd4 48. Kf3 Kxc4 49. Kxf4 Kb4 50. Kxf5 Kxa4 51. g4 Kb4 52. h4 a4 53. g5 a3 54. g6 a2 55. g7 a1Q 56. g8Q Qb1+ 1/2-1/2

[Event "CZE-ch U12"]
[Site "Kouty nad Desnou"]
[Date "2017.03.11"]
[Round "1"]
[White "Nguyen, Thai Dai Vinh"]
[Black "Vantuch, Lucian"]
[Result "1/2-1/2"]
[WhiteElo "1859"]
[BlackElo "1706"]
[PlyCount "43"]
[EventDate "2017.03.11"]
[EventType "swiss"]
[EventRounds "9"]
[EventCountry "CZE"]
[SourceTitle "CBM 177 Extra"]
[Source "ChessBase"]
[SourceDate "2017.04.27"]
[SourceVersion "1"]
[SourceVersionDate "2017.04.27"]
[SourceQuality "1"]

1. e4 c5 2. Nf3 e6 3. d4 cxd4 4. Nxd4 a6 5. Nc3 Qc7 6. Be3 Bb4 7. Qd2 Nf6 8. Bd3 d5 9. exd5 Nxd5 10. Nde2 Nxe3 11. Qxe3 Nd7 12. 0-0 Nf6 13. h3 b5 14. Ne4 Be7 15. Rfe1 Bb7 16. N2g3 0-0 17. Rad1 Rac8 18. c3 Rfd8 19. Nxf6+ Bxf6 20. Be4 Bxe4 21. Nxe4 Be7 22. Qe2 1/2-1/2

[Event "EU-ch U12 26th"]
[Site "Prague"]
[Date "2016.08.26"]
[Round "8"]
[White "Antonica, Dragos Andrei"]
[Black "Nguyen, Thai Dai Vinh"]
[Result "1-0"]
[WhiteElo "1946"]
[BlackElo "1774"]
[PlyCount "105"]
[EventDate "2016.08.18"]
[EventType "swiss"]
[EventRounds "9"]
[EventCountry "CZE"]
[SourceTitle "CBM 174 Extra"]
[Source "ChessBase"]
[SourceDate "2016.10.10"]
[SourceVersion "1"]
[SourceVersionDate "2016.10.10"]
[SourceQuality "1"]

1. Nf3 d5 2. d4 Bf5 3. e3 Nf6 4. Nbd2 e6 5. Be2 Bd6 6. 0-0 0-0 7. b3 Nbd7 8. Bb2 Re8 9. Ne5 c5 10. Ndf3 Rc8 11. Nxd7 Nxd7 12. c4 Nf6 13. Rc1 Bg6 14. cxd5 Nxd5 15. dxc5 Bxc5 16. Rxc5 Rxc5 17. Qd4 Qf6 18. Qxc5 Qxb2 19. Bb5 b6 20. Qc1 Qxc1 21. Rxc1 Rd8 22. Nd4 h6 23. h3 Nb4 24. a3 Nd5 25. Ba6 Be4 26. Nc6 Rd7 27. f3 Bg6 28. Ne5 Rc7 29. Rxc7 Nxc7 30. Nxg6 Nxa6 31. Ne7+ Kf8 32. Nc6 Nc5 33. b4 Na4 34. Nxa7 Ke7 35. Nc6+ Kd6 36. Nd4 Kd5 37. Kf2 Kc4 38. f4 Nc3 39. Ke1 Nb5 40. Nxb5 Kxb5 41. Kd2 Ka4 42. Kc3 Kxa3 43. Kc4 Ka4 44. e4 f5 45. e5 g5 46. g3 Ka3 47. Kb5 Kb3 48. Kxb6 Kxb4 49. Kc6 Kc4 50. Kd6 Kd4 51. Kxe6 Ke3 52. Kf6 gxf4 53. e6 1-0

[Event "EU-ch U12 26th"]
[Site "Prague"]
[Date "2016.08.19"]
[Round "2"]
[White "Sarighioleanu, Sebastian Laurentiu"]
[Black "Nguyen, Thai Dai Vinh"]
[Result "1/2-1/2"]
[WhiteElo "1572"]
[BlackElo "1774"]
[PlyCount "72"]
[EventDate "2016.08.18"]
[EventType "swiss"]
[EventRounds "9"]
[EventCountry "CZE"]
[SourceTitle "CBM 174 Extra"]
[Source "ChessBase"]
[SourceDate "2016.10.10"]
[SourceVersion "1"]
[SourceVersionDate "2016.10.10"]
[SourceQuality "1"]

1. d4 Nf6 2. c4 e6 3. Nc3 Bb4 4. Bg5 d5 5. e3 0-0 6. Nf3 b6 7. Be2 Bb7 8. 0-0 Nbd7 9. Ne5 Be7 10. Nxd7 Qxd7 11. cxd5 Nxd5 12. Bxe7 Nxc3 13. bxc3 Qxe7 14. Bf3 Bxf3 15. Qxf3 c5 16. Rac1 Rac8 17. Qe2 Rc7 18. Rc2 Rfc8 19. Rfc1 cxd4 20. cxd4 Qa3 21. Rxc7 Qxc1+ 22. Rxc1 Rxc1+ 23. Qf1 Rxf1+ 24. Kxf1 Kf8 25. Ke2 b5 26. Kd3 Ke7 27. e4 Kd6 28. g4 g5 29. h3 h6 30. f3 f6 31. a3 a5 32. Kc3 e5 33. d5 Kc5 34. Kb3 Kd6 35. Kc3 Kc5 36. Kb3 Kd6 1/2-1/2

[Event "EU-ch U12 26th"]
[Site "Prague"]
[Date "2016.08.18"]
[Round "1"]
[White "Nguyen, Thai Dai Vinh"]
[Black "Ahmadzada, Ahmad Samir"]
[Result "0-1"]
[WhiteElo "1774"]
[BlackElo "2113"]
[PlyCount "60"]
[EventDate "2016.08.18"]
[EventType "swiss"]
[EventRounds "9"]
[EventCountry "CZE"]
[SourceTitle "CBM 174 Extra"]
[Source "ChessBase"]
[SourceDate "2016.10.10"]
[SourceVersion "1"]
[SourceVersionDate "2016.10.10"]
[SourceQuality "1"]

1. e4 c5 2. Nf3 e6 3. d4 cxd4 4. Nxd4 d6 5. Nc3 Nc6 6. Be3 Nf6 7. f3 Be7 8. Qd2 0-0 9. g4 Nxd4 10. Bxd4 a6 11. 0-0-0 Nd7 12. Kb1 b5 13. h4 Bb7 14. g5 Rc8 15. Bh3 Ne5 16. Qf2 Qc7 17. h5 b4 18. Bxe5 dxe5 19. Na4 Bxg5 20. Rhg1 Bh6 21. b3 a5 22. Rg2 Rfd8 23. Qg1 Rxd1+ 24. Qxd1 Rd8 25. Qg1 Bc6 26. Nc5 Kh8 27. Nd3 Bb5 28. Nb2 Qc3 29. Rg3 Rd2 30. Qc1 Re2 0-1

[Event "Prague Summer op-B 3rd"]
[Site "Prague"]
[Date "2016.08.08"]
[Round "5"]
[White "Arellano Pardo, Martin"]
[Black "Nguyen, Thai Dai Vinh"]
[Result "0-1"]
[WhiteElo "1927"]
[BlackElo "1774"]
[PlyCount "54"]
[EventDate "2016.08.05"]
[EventType "swiss"]
[EventRounds "9"]
[EventCountry "CZE"]
[SourceTitle "CBM 173 Extra"]
[Source "ChessBase"]
[SourceDate "2016.08.29"]
[SourceVersion "1"]
[SourceVersionDate "2016.08.29"]
[SourceQuality "1"]

1. e4 c5 2. d4 cxd4 3. c3 dxc3 4. Nxc3 Nc6 5. Nf3 d6 6. Bc4 e6 7. 0-0 Be7 8. Qe2 Nf6 9. Rd1 e5 10. h3 0-0 11. Bg5 Be6 12. Bxf6 Bxf6 13. Bd5 Re8 14. Qd2 Be7 15. Rac1 Rc8 16. Nb5 Qb6 17. Nxd6 Bxd6 18. Bxc6 Bb4 19. Bxe8 Bxd2 20. Rxc8 Bxc8 21. Rxd2 Kf8 22. Ba4 f6 23. Bb3 Be6 24. Bxe6 Qxe6 25. Rd5 Qc6 26. b3 Qc1+ 27. Kh2 Qf4+ 0-1

[Event "Prague Summer op-B 3rd"]
[Site "Prague"]
[Date "2016.08.06"]
[Round "2"]
[White "Nguyen, Thai Dai Vinh"]
[Black "Plasek, Zdenek"]
[Result "0-1"]
[WhiteElo "1774"]
[BlackElo "2066"]
[PlyCount "72"]
[EventDate "2016.08.05"]
[EventType "swiss"]
[EventRounds "9"]
[EventCountry "CZE"]
[SourceTitle "CBM 173 Extra"]
[Source "ChessBase"]
[SourceDate "2016.08.29"]
[SourceVersion "1"]
[SourceVersionDate "2016.08.29"]
[SourceQuality "1"]

1. e4 c5 2. Nf3 e6 3. d4 cxd4 4. Nxd4 a6 5. c4 d6 6. Nc3 Qc7 7. Be2 b6 8. Be3 Bb7 9. 0-0 Nd7 10. f3 h5 11. Rc1 Be7 12. Qd2 Ngf6 13. Rfd1 Rc8 14. b4 0-0 15. a3 Qb8 16. Nb3 Bd8 17. Bf4 Ne5 18. Bxe5 dxe5 19. c5 bxc5 20. Nxc5 Bb6 21. N3a4 Ba7 22. Kh1 a5 23. b5 Rfd8 24. Qxa5 Rxd1+ 25. Bxd1 Bxc5 26. Rxc5 Rxc5 27. Nxc5 Qd6 28. Qa4 Qxc5 29. h3 h4 30. Qa5 Qd4 31. Be2 Nh5 32. Kh2 Ng3 33. Qe1 Qe3 34. Qd1 Nxe2 35. Qd8+ Kh7 36. Qxh4+ Qh6 0-1

[Event "EU-ch U10 25th"]
[Site "Porec"]
[Date "2015.09.30"]
[Round "9"]
[White "Aslanov, Samad"]
[Black "Nguyen, Thai Dai Vinh"]
[Result "1-0"]
[WhiteElo "1443"]
[BlackElo "1650"]
[PlyCount "49"]
[EventDate "2015.09.21"]
[EventType "swiss"]
[EventRounds "9"]
[EventCountry "CRO"]
[SourceTitle "EXT 2016"]
[Source "ChessBase"]
[SourceDate "2015.10.08"]
[SourceVersion "1"]
[SourceVersionDate "2015.10.08"]
[SourceQuality "1"]

1. e4 c5 2. Nf3 Nc6 3. d4 cxd4 4. Nxd4 Nf6 5. Nc3 d6 6. Bc4 e6 7. 0-0 Be7 8. Be3 0-0 9. Bb3 a6 10. Qe2 Qc7 11. Rad1 b5 12. a3 Bb7 13. f3 Rfd8 14. Qf2 Rab8 15. Nxe6 Qc8 16. Nxd8 Qxd8 17. Nd5 Ne5 18. Bb6 Qd7 19. Bc7 Rc8 20. Nxe7+ Qxe7 21. Bxd6 Qe8 22. Bxe5 Qxe5 23. Qb6 Qe7 24. e5 Ne8 25. e6 1-0

[Event "EU Union-ch U10"]
[Site "Kouty nad Desnou"]
[Date "2015.08.23"]
[Round "5"]
[White "Nguyen, Thai Dai Vinh"]
[Black "Cwiek, Ryszard"]
[Result "1/2-1/2"]
[WhiteElo "1758"]
[BlackElo "1348"]
[PlyCount "59"]
[EventDate "2015.08.19"]
[EventType "swiss"]
[EventRounds "9"]
[EventCountry "CZE"]
[SourceTitle "EXT 2016"]
[Source "ChessBase"]
[SourceDate "2015.10.08"]
[SourceVersion "1"]
[SourceVersionDate "2015.10.08"]
[SourceQuality "1"]

1. e4 Nc6 2. Nf3 e5 3. d4 exd4 4. Nxd4 Nxd4 5. Qxd4 Qf6 6. Qxf6 Nxf6 7. Bd3 Bc5 8. 0-0 0-0 9. Bf4 d6 10. Nc3 Re8 11. Rfe1 Bd7 12. Rad1 Bc6 13. Bg3 Bb4 14. f3 Bc5+ 15. Kh1 Nh5 16. Bh4 h6 17. Rd2 Bb4 18. Bf2 Bxc3 19. bxc3 Nf4 20. Be3 Ng6 21. Bc4 Re5 22. Rdd1 Rae8 23. Bd4 R5e7 24. Rb1 b6 25. Bb3 d5 26. Rf1 dxe4 27. fxe4 Bxe4 28. Rbe1 Bc6 29. Rd1 Nh4 30. Rd2 1/2-1/2

[Event "Orlova op-A 12th"]
[Site "Orlova"]
[Date "2015.05.30"]
[Round "7"]
[White "Lojek, Marek"]
[Black "Nguyen, Thai Dai Vinh"]
[Result "1-0"]
[WhiteElo "1932"]
[BlackElo "1604"]
[PlyCount "69"]
[EventDate "2015.05.24"]
[EventType "swiss"]
[EventRounds "9"]
[EventCountry "CZE"]
[SourceTitle "CBM 166 Extra"]
[Source "ChessBase"]
[SourceDate "2015.06.18"]
[SourceVersion "1"]
[SourceVersionDate "2015.06.18"]
[SourceQuality "1"]

1. e4 c5 2. Nf3 d6 3. d4 cxd4 4. Nxd4 Nf6 5. Nc3 a6 6. a4 e5 7. Nb3 Be7 8. Bg5 Be6 9. Bxf6 Bxf6 10. Nd5 0-0 11. Be2 Nc6 12. c4 Rc8 13. Bg4 Be7 14. a5 f5 15. exf5 Bxf5 16. Bxf5 Rxf5 17. 0-0 Kh8 18. Qd3 Rf8 19. Rad1 Rf7 20. Nxe7 Rxe7 21. Qxd6 Qf8 22. Rd5 Qf4 23. Nd2 Ree8 24. g3 Qf5 25. Qa3 Nd4 26. Qe3 Qc2 27. b4 Qb2 28. b5 axb5 29. cxb5 Nxb5 30. Qb6 Rc2 31. Rxb5 Qc3 32. Ne4 Qf3 33. Qxb7 Qd3 34. Qd5 Qe2 35. Nd6 1-0

[Event "Orlova op-A 12th"]
[Site "Orlova"]
[Date "2015.05.28"]
[Round "5"]
[White "Zielinski, Andrzej1111"]
[Black "Nguyen, Thai Dai Vinh"]
[Result "1/2-1/2"]
[WhiteElo "1828"]
[BlackElo "1604"]
[PlyCount "60"]
[EventDate "2015.05.24"]
[EventType "swiss"]
[EventRounds "9"]
[EventCountry "CZE"]
[SourceTitle "CBM 166 Extra"]
[Source "ChessBase"]
[SourceDate "2015.06.18"]
[SourceVersion "1"]
[SourceVersionDate "2015.06.18"]
[SourceQuality "1"]

1. d4 d5 2. c4 e6 3. Nc3 c5 4. cxd5 cxd4 5. Qa4+ Bd7 6. Qxd4 exd5 7. Qxd5 Nc6 8. e3 Nf6 9. Qd1 Bb4 10. Bd2 Qe7 11. Be2 0-0 12. Nf3 Rac8 13. 0-0 Rfd8 14. Nd4 Nxd4 15. exd4 Be6 16. a3 Ba5 17. Nb5 Bxd2 18. Qxd2 a6 19. Nc3 Bc4 20. Rfe1 Qd7 21. Rad1 Bb3 22. Rc1 Qxd4 23. Qxd4 Rxd4 24. Bd1 Be6 25. Bf3 Rc7 26. Rcd1 Rdd7 27. Rxd7 Rxd7 28. Rd1 Rxd1+ 29. Bxd1 Nd5 30. Nxd5 Bxd5 1/2-1/2

[Event "Orlova op-A 12th"]
[Site "Orlova"]
[Date "2015.05.26"]
[Round "3"]
[White "Havelka, Ondrej"]
[Black "Nguyen, Thai Dai Vinh"]
[Result "0-1"]
[WhiteElo "1805"]
[BlackElo "1604"]
[PlyCount "78"]
[EventDate "2015.05.24"]
[EventType "swiss"]
[EventRounds "9"]
[EventCountry "CZE"]
[SourceTitle "CBM 166 Extra"]
[Source "ChessBase"]
[SourceDate "2015.06.18"]
[SourceVersion "1"]
[SourceVersionDate "2015.06.18"]
[SourceQuality "1"]

1. d4 d5 2. c4 e6 3. Nc3 c5 4. cxd5 cxd4 5. Qa4+ Bd7 6. Qxd4 exd5 7. Qxd5 Nc6 8. Nf3 Nf6 9. Qd1 Bc5 10. e3 Qe7 11. Bc4 0-0-0 12. 0-0 Kb8 13. Qe2 Rhe8 14. Bd2 Bg4 15. b4 Bxf3 16. gxf3 Bxb4 17. Rfb1 Ne5 18. Nd5 Nxd5 19. Bxd5 Rxd5 20. Bxb4 Qg5+ 21. Kh1 Qh5 22. Rg1 Nxf3 23. Rg2 Re4 24. Be7 Rxe7 25. Rc1 Red7 26. Qc2 Rc5 27. Qb2 Rxc1+ 28. Qxc1 Nxh2 29. Rxh2 Rd1+ 30. Qxd1 Qxd1+ 31. Kg2 Qd5+ 32. Kg3 Qxa2 33. Rxh7 Qb1 34. Rh4 Qg1+ 35. Kf3 g5 36. Rh8+ Kc7 37. Rh7 Qd1+ 38. Kg2 Qd8 39. Kf1 Qd3+ 0-1

[Event "CZE-ch U10"]
[Site "Kouty nad Desnou"]
[Date "2015.03.13"]
[Round "8"]
[White "Stalmach, Richard"]
[Black "Nguyen, Thai Dai Vinh"]
[Result "1-0"]
[WhiteElo "1564"]
[BlackElo "1510"]
[PlyCount "91"]
[EventDate "2015.03.07"]
[EventType "swiss"]
[EventRounds "9"]
[EventCountry "CZE"]
[SourceTitle "EXT 2017"]
[Source "ChessBase"]
[SourceDate "2016.10.25"]
[SourceVersion "1"]
[SourceVersionDate "2016.10.25"]
[SourceQuality "1"]

1. d4 Nf6 2. Nf3 g6 3. c4 c5 4. d5 b5 5. cxb5 a6 6. bxa6 Bg7 7. Nc3 0-0 8. e4 Qa5 9. Qd2 Bxa6 10. Bxa6 Nxa6 11. 0-0 d6 12. Re1 Rfb8 13. Re2 Nd7 14. Qe1 Nb4 15. a3 Nb6 16. Nd2 Nd3 17. Nb3 Qxc3 18. Qxc3 Bxc3 19. bxc3 Nc4 20. Nd2 Nxc1 21. Rxc1 Rb2 22. Rd1 Nxd2 23. Rexd2 Rxd2 24. Rxd2 Rxa3 25. f4 Rxc3 26. e5 Re3 27. Kf2 Re4 28. Kf3 Re1 29. Kf2 Re4 30. Kf3 Rc4 31. g4 Kg7 32. h4 Rc3+ 33. Kg2 f6 34. e6 h6 35. f5 g5 36. h5 Kf8 37. Kf2 Ke8 38. Ra2 Kd8 39. Ra8+ Kc7 40. Re8 Rd3 41. Rxe7+ Kc8 42. Re8+ Kc7 43. Rf8 c4 44. e7 c3 45. e8Q Rd2+ 46. Ke1 1-0